| 000 | 00610nam a2200205 i 4500 | ||
|---|---|---|---|
| 001 | bg | ||
| 100 | 1 | _aJabłoński, Jan. | |
| 245 | 1 | 0 |
_aWybrane problemy zarządzania środowiskowego / _cJan Jabłoński. |
| 260 |
_aPoznań : _bWydaw. Politechniki Poznańskiej, _c1999. |
||
| 300 |
_a365 s. : _brys., wykr. ; _c24 cm. |
||
| 504 | _aBibliogr. s. 359-365. | ||
| 650 | 9 |
_aŚrodowisko człowieka _xhigiena i ochrona _xzarządzanie |
|
| 020 | _a8371431597 | ||
| 040 | _cBPK | ||
| 041 | 0 | _apl | |
| 080 | _a504.03:65.012 | ||
| 920 | _a83-7143-159-7 | ||
| 942 | _cKS | ||
| 008 | s pl f |000 0 pol | ||
| 999 |
_c36504 _d36504 |
||
| 856 |
_uhttp://koha.tu.koszalin.pl/cgi-bin/koha/opac-detail.pl?biblionumber=36504 _yKatalog online BPK |
||